| 000 | 01334nam a22003257a 4500 | ||
|---|---|---|---|
| 003 | OSt | ||
| 005 | 20230425024849.0 | ||
| 008 | 230425b |||||||| |||| 00| 0 eng d | ||
| 010 | _a 00008406 | ||
| 020 | _a1576737330 | ||
| 040 |
_aMMU _cMMU _dMMU _bEng. |
||
| 042 | _apcc | ||
| 050 | 0 | 0 |
_aBS1345.6.P68 _bW55 2000 |
| 082 | 0 | 0 |
_a242/.722 _221 |
| 100 | 1 | _aWilkinson, Bruce. | |
| 245 | 1 | 4 |
_aThe prayer of Jabez : _bbreaking through to the blessed life / _cBruce H. Wilkinson. |
| 260 |
_aSisters, Or. : _bMultnomah, _cc2000. |
||
| 300 |
_a93 p. ; _c17 cm. |
||
| 490 | 1 | _aThe BreakThrough series | |
| 600 | 0 | 0 |
_aJabez _c(Biblical figure) |
| 630 | 0 | 0 |
_aBible. _pChronicles, 1st, IV, 10 _xPrayers _xHistory and criticism. |
| 650 | 0 |
_aPrayer _xChristianity. |
|
| 830 | 0 | _aBreakThrough series (Sisters, Or.) | |
| 856 | 4 | 2 |
_3Publisher description _uhttp://www.loc.gov/catdir/enhancements/fy0729/00008406-d.html |
| 856 | 4 | 2 |
_3Contributor biographical information _uhttp://www.loc.gov/catdir/enhancements/fy0729/00008406-b.html |
| 856 | 4 | 1 |
_3Sample text _uhttp://www.loc.gov/catdir/enhancements/fy1001/00008406-s.html |
| 906 |
_a7 _bcbc _corignew _d1 _eecip _f20 _gy-gencatlg |
||
| 942 |
_2lcc _cLOAN LOAN |
||
| 999 |
_c32533 _d32530 |
||